000 00733nam a22002657a 4500
003 OSt
005 20140310181733.0
008 130319t xxu||||| |||| 00| 0 eng d
020 _a9679920720
050 _aBF 575
_b.D533 1996
082 _aTR 152.46
_bD53 1996
245 _aWhy worry? : how to live without fear and worry /
_cK. Sri Dhammananda.
250 _a2nd ed.
260 _aKuala Lumpur, Malaysia :
_bBuddhist Missionary Society,
_cc1996.
300 _axv, 254 p. ;
_c19 cm.
520 _a1. Fear. 2. Worry. 3. Emotions.
521 _aFaculty
541 _j1
541 _j2
541 _j3
541 _j4
541 _j5
562 _e5
942 _2lcc
_cBK-TR
_kTR
999 _c2473
_d2473